Quinientos años después, visicitudes del descubrimiento y del encuentro de dos mundos (Record no. 182328)

MARC details
000 -LEADER
campo de control de longitud fija 00922nam a2200217 i 4500
001 - NÚMERO DE CONTROL
campo de control 182328
003 - IDENTIFICADOR DE NÚMERO DE CONTROL
campo de control ES-MaACL
005 - FECHA Y HORA DE LA ÚLTIMA TRANSACCIÓN
campo de control 20230906221601.0
008 - DATOS DE LONGITUD FIJA--INFORMACIÓN GENERAL
campo de control de longitud fija 130805s1992 sp | |||| ||spa d
080 ## - NÚMERO DE LA CLASIFICACIÓN DECIMAL UNIVERSAL
Número de la Clasificación Decimal Universal 316.47(8=60)(091)
080 ## - NÚMERO DE LA CLASIFICACIÓN DECIMAL UNIVERSAL
Número de la Clasificación Decimal Universal 316.732(=97/=98)(091)
100 0# - ENTRADA PRINCIPAL--NOMBRE DE PERSONA
Nombre de persona Gómez-Tabanera, José Manuel,
Fechas asociadas al nombre 1926-2011
9 (RLIN) 58165
245 10 - MENCIÓN DEL TÍTULO
Título Quinientos años después, visicitudes del descubrimiento y del encuentro de dos mundos
Resto del título : migración, aculturación y miscegenación de las poblaciones americanas e hispanas a raíz del 12 de octubre de 1492 /
Mención de responsabilidad, etc. del Dr. J.M. Gómez-Tabanera.
260 ## - PUBLICACIÓN, DISTRIBUCIÓN, ETC.
Lugar de publicación, distribución, etc. Avilés :
Nombre del editor, distribuidor, etc. Centro Asturiano de La Habana,
Fecha de publicación, distribución, etc. D.L. 1992.
300 ## - DESCRIPCIÓN FÍSICA
Extensión 23 p. ;
Dimensiones 21 cm.
504 ## - NOTA DE BIBLIOGRAFÍA, ETC.
Nota de bibliografía, etc. Bibliografía: [21]-22.
650 #4 - PUNTO DE ACCESO ADICIONAL DE MATERIA--TÉRMINO DE MATERIA
Término de materia o nombre geográfico como elemento de entrada Relaciones étnicas-
Subdivisión geográfica América española-
Subdivisión de forma Historia.
9 (RLIN) 153154
650 #4 - PUNTO DE ACCESO ADICIONAL DE MATERIA--TÉRMINO DE MATERIA
Término de materia o nombre geográfico como elemento de entrada Indios de América-
Subdivisión general Aculturación.
9 (RLIN) 153155
852 ## - LOCALIZACIÓN
Ubicación ES-MaACL
Número de control de estantería 2317-F-30
Holdings
Estatus retirado Estado de pérdida Estado de daño No para préstamo Colección Biblioteca de origen Biblioteca actual Ubicación en estantería Fecha de adquisición Fuente de adquisición Total de préstamos Signatura topográfica completa Código de barras Visto por última vez Precio de reemplazo Tipo de ítem Koha
        Colección de folletos Biblioteca del Ateneo de Madrid Biblioteca del Ateneo de Madrid Depósito folletos 05/08/2013     2317-F-30 1191606 23/02/2023 23/02/2023 Folleto